[Event "Madrid ch Veteranos 2324"]
[Site "Madrid ESP"]
[Date "2024.03.20"]
[Round "8.3"]
[White "Vazquez Gonzalez, Francisco"]
[Black "Herrero Reques, Sergio"]
[Result "1/2-1/2"]
[WhiteElo "1918"]
[BlackElo "2008"]
[PlyCount "50"]
[EventDate "2024.03.11"]
[EventType "swiss"]
[EventRounds "9"]
[EventCountry "ESP"]
[SourceTitle "Ajedrez en Madrid"]
[Source "lmi"]
[SourceDate "2024.03.11"]
[SourceVersion "1"]
[SourceVersionDate "2024.03.23"]
[SourceQuality "1"]

1. e4 c6 2. Bd3 d5 3. e5 c5 4. c3 Nc6 5. f4 h5 6. Nf3 Nh6 7. Bb5 Bg4 8. O-O e6
9. d3 Qb6 10. Ba4 Be7 11. Na3 O-O 12. Nc2 Qa5 13. Ne3 d4 14. Bxc6 bxc6 15. Nc4
Qd8 16. Qe2 Nf5 17. Qc2 Qd5 18. h3 Bxf3 19. Rxf3 Rfd8 20. Bd2 Nh4 21. Rg3 Nf5
22. Rf3 h4 23. Be1 Rdb8 24. Rd1 Rb7 25. Bf2 Rab8 1/2-1/2

[Event "Madrid ch Veteranos 2324"]
[Site "Madrid ESP"]
[Date "2024.03.20"]
[Round "8.4"]
[White "Martin Rodriguez, Emilio"]
[Black "Garcia Galeote, Lorenzo"]
[Result "1-0"]
[WhiteElo "1998"]
[BlackElo "1860"]
[PlyCount "89"]
[EventDate "2024.03.11"]
[EventType "swiss"]
[EventRounds "9"]
[EventCountry "ESP"]
[SourceTitle "Ajedrez en Madrid"]
[Source "lmi"]
[SourceDate "2024.03.11"]
[SourceVersion "1"]
[SourceVersionDate "2024.03.23"]
[SourceQuality "1"]

1. d4 c5 2. d5 e5 3. dxe6 fxe6 4. e4 Nc6 5. Nc3 a6 6. a4 Nf6 7. Bg5 d6 8. Nf3
Be7 9. Bc4 O-O 10. O-O h6 11. Bh4 Nh5 12. Bxe7 Qxe7 13. g3 Kh7 14. e5 Qf7 15.
Be2 d5 16. Nh4 Nf4 17. gxf4 Qxf4 18. Qd3+ g6 19. Qxg6+ Kh8 20. Ng2 Qg5 21. Qxg5
hxg5 22. h4 Nxe5 23. hxg5 Rg8 24. f4 Nc6 25. Rae1 Nd4 26. Bd1 Bd7 27. Ne3 Raf8
28. Bg4 Bc6 29. Kh2 Rg7 30. Kg3 b5 31. axb5 axb5 32. Ne2 e5 33. Nxd4 cxd4 34.
Rh1+ Rh7 35. Bf5 Rxh1 36. Rxh1+ Kg7 37. Rh7+ Kg8 38. Rh6 exf4+ 39. Kg4 fxe3 40.
Rxc6 Re8 41. Re6 Rf8 42. b4 Kg7 43. Re7+ Kg8 44. g6 Rf6 45. g7 1-0

[Event "Madrid ch Veteranos 2324"]
[Site "Madrid ESP"]
[Date "2024.03.20"]
[Round "8.5"]
[White "Barraza Caracuel, Ignacio"]
[Black "Largo Barbero, Benito"]
[Result "1-0"]
[WhiteElo "2049"]
[BlackElo "1897"]
[PlyCount "91"]
[EventDate "2024.03.11"]
[EventType "swiss"]
[EventRounds "9"]
[EventCountry "ESP"]
[SourceTitle "Ajedrez en Madrid"]
[Source "lmi"]
[SourceDate "2024.03.11"]
[SourceVersion "1"]
[SourceVersionDate "2024.03.23"]
[SourceQuality "1"]

1. d4 d6 2. e4 g6 3. c4 Bg7 4. Nc3 Nf6 5. f3 O-O 6. Be3 c6 7. Bd3 e5 8. d5 Nh5
9. Nge2 f5 10. exf5 gxf5 11. Qd2 f4 12. Bf2 Na6 13. O-O-O Qa5 14. Kb1 Nb4 15.
Be4 cxd5 16. cxd5 Bd7 17. a3 Na6 18. Qc2 Nf6 19. Bh4 b5 20. Bxf6 Rxf6 21. Na2
Rc8 22. Qd2 Qb6 23. b4 Rff8 24. Qd3 h6 25. Rc1 Nc7 26. g4 a5 27. Rc2 Ra8 28. h4
Na6 29. g5 h5 30. Rhc1 axb4 31. axb4 Qa7 32. Qd2 Rfc8 33. Rxc8+ Bxc8 34. Rc2
Bd7 35. Nec1 Be8 36. Qf2 Qb7 37. Nb3 Nb8 38. Na5 Qf7 39. Qb6 Nd7 40. Qxd6 Bf8
41. Qe6 Bxb4 42. Nxb4 Rxa5 43. Rc8 Kf8 44. Qh6+ Kg8 45. Rxe8+ Qxe8 46. Bh7+ 1-0

[Event "Madrid ch Veteranos 2324"]
[Site "Madrid ESP"]
[Date "2024.03.20"]
[Round "8.6"]
[White "Pastor Alonso De Prado, Alberto"]
[Black "Pareja Vicente, Antonio"]
[Result "1/2-1/2"]
[WhiteElo "1951"]
[BlackElo "1869"]
[PlyCount "86"]
[EventDate "2024.03.11"]
[EventType "swiss"]
[EventRounds "9"]
[EventCountry "ESP"]
[SourceTitle "Ajedrez en Madrid"]
[Source "lmi"]
[SourceDate "2024.03.11"]
[SourceVersion "1"]
[SourceVersionDate "2024.03.23"]
[SourceQuality "1"]

1. Nf3 Nf6 2. d4 b6 3. g3 Bb7 4. Bg2 e6 5. O-O Be7 6. c4 O-O 7. Nc3 d6 8. Qc2
c5 9. d5 Na6 10. e4 e5 11. Ne1 Nd7 12. a3 Nc7 13. Nd3 Ba6 14. Qa4 b5 15. Nxb5
Nb6 16. Qa5 Nxc4 17. Qxc7 Bxb5 18. Qxd8 Bxd8 19. a4 Ba6 20. b3 Na5 21. Rd1 Nxb3
22. Rb1 Nxc1 23. Nxc1 Ba5 24. Bf1 Bxf1 25. Kxf1 Rab8 26. Nb3 Bb4 27. Ke2 f5 28.
exf5 Rxf5 29. Nd2 a5 30. Ne4 Rd8 31. Rbc1 h6 32. Rd3 Kf7 33. Rf3 g6 34. Rc4 Ke7
35. Rb3 Rdf8 36. f3 h5 37. h4 Kd7 38. Kf2 Rb8 39. Ke2 Ke7 40. Ng5 Kd7 41. Ne4
Rff8 42. Ng5 Ke7 43. Ne4 Rb7 1/2-1/2

[Event "Madrid ch Veteranos 2324"]
[Site "Madrid ESP"]
[Date "2024.03.20"]
[Round "8.7"]
[White "Garcia Martin, Esteban"]
[Black "Sanchez Garcia, Aurelio"]
[Result "1/2-1/2"]
[WhiteElo "1895"]
[BlackElo "1951"]
[PlyCount "41"]
[EventDate "2024.03.11"]
[EventType "swiss"]
[EventRounds "9"]
[EventCountry "ESP"]
[SourceTitle "Ajedrez en Madrid"]
[Source "lmi"]
[SourceDate "2024.03.11"]
[SourceVersion "1"]
[SourceVersionDate "2024.03.23"]
[SourceQuality "1"]

1. c4 g6 2. Nf3 Bg7 3. d4 c5 4. e4 cxd4 5. Nxd4 Nc6 6. Be3 Nf6 7. Nc3 d6 8. Be2
O-O 9. O-O Bd7 10. h3 a5 11. Qd2 Nxd4 12. Bxd4 Bc6 13. Qe3 Nd7 14. Bxg7 Kxg7
15. Rad1 Qb6 16. Qd2 Rfc8 17. Kh1 a4 18. f4 Qc5 19. Nd5 Bxd5 20. cxd5 Nf6 21.
Bf3 1/2-1/2

[Event "Madrid ch Veteranos 2324"]
[Site "Madrid ESP"]
[Date "2024.03.20"]
[Round "8.8"]
[White "Perez Hernandez, Alfonso"]
[Black "Lopez de Turiso Sanchez, Jose An"]
[Result "0-1"]
[WhiteElo "1795"]
[BlackElo "1940"]
[PlyCount "75"]
[EventDate "2024.03.11"]
[EventType "swiss"]
[EventRounds "9"]
[EventCountry "ESP"]
[SourceTitle "Ajedrez en Madrid"]
[Source "lmi"]
[SourceDate "2024.03.11"]
[SourceVersion "1"]
[SourceVersionDate "2024.03.23"]
[SourceQuality "1"]

1. c4 f5 2. Nf3 Nf6 3. g3 e6 4. d4 d5 5. Bg2 c6 6. O-O Bd6 7. Bg5 Nbd7 8. Nc3
O-O 9. Rc1 h6 10. Bxf6 Qxf6 11. cxd5 exd5 12. e3 g5 13. a4 a5 14. Qb3 Rf7 15.
Ne1 Kg7 16. Nd3 Nf8 17. Rc2 Ng6 18. Rfc1 Be6 19. Nc5 Bxc5 20. dxc5 d4 21. Nd5
Bxd5 22. Bxd5 cxd5 23. exd4 Qxd4 24. Rc3 Rd7 25. c6 bxc6 26. Rxc6 Rad8 27. Rc7
Ne5 28. R7c3 Qb4 29. Qc2 Qe4 30. Qd1 d4 31. f3 Qa8 32. Rb3 d3 33. Kf2 Qa7+ 34.
Kg2 Qe3 35. Rb5 d2 36. Rb1 Nd3 37. Qg1 Ne1+ 38. Kh3 0-1

[Event "Madrid ch Veteranos 2324"]
[Site "Madrid ESP"]
[Date "2024.03.20"]
[Round "8.10"]
[White "Pashov, Spas Nikolov"]
[Black "Luque Ibanes, Manuel"]
[Result "0-1"]
[WhiteElo "1881"]
[BlackElo "1983"]
[PlyCount "74"]
[EventDate "2024.03.11"]
[EventType "swiss"]
[EventRounds "9"]
[EventCountry "ESP"]
[SourceTitle "Ajedrez en Madrid"]
[Source "lmi"]
[SourceDate "2024.03.11"]
[SourceVersion "1"]
[SourceVersionDate "2024.03.23"]
[SourceQuality "1"]

1. e4 c6 2. d4 d5 3. exd5 cxd5 4. c4 Nf6 5. Nc3 e6 6. Bg5 Be7 7. Bxf6 Bxf6 8.
Nf3 dxc4 9. Bxc4 O-O 10. O-O Nc6 11. d5 Na5 12. Bd3 g6 13. Be4 Nc4 14. Qb3 Nd6
15. dxe6 Bxc3 16. exf7+ Rxf7 17. Rad1 Bf6 18. Bd5 Qb6 19. Rfe1 Kg7 20. Bxf7
Nxf7 21. Re8 Qxb3 22. axb3 b6 23. Rc1 Bb7 24. Rxa8 Bxa8 25. b4 Bxb2 26. Rc7
Bxf3 27. gxf3 a5 28. bxa5 bxa5 29. Ra7 Bc3 30. f4 h5 31. Kg2 Kf6 32. Kf3 Bb4
33. h3 Nd6 34. Ra8 Nb5 35. Ke4 Nc3+ 36. Kd3 Kf5 37. Rg8 Nd5 0-1

[Event "Madrid ch Veteranos 2324"]
[Site "Madrid ESP"]
[Date "2024.03.20"]
[Round "8.11"]
[White "Barahona Torrijos, Angel"]
[Black "Unciti Juan, Javier"]
[Result "0-1"]
[WhiteElo "1833"]
[BlackElo "1959"]
[PlyCount "50"]
[EventDate "2024.03.11"]
[EventType "swiss"]
[EventRounds "9"]
[EventCountry "ESP"]
[SourceTitle "Ajedrez en Madrid"]
[Source "lmi"]
[SourceDate "2024.03.11"]
[SourceVersion "1"]
[SourceVersionDate "2024.03.23"]
[SourceQuality "1"]

1. e4 e6 2. d4 d5 3. Nc3 Bb4 4. Bd2 Bxc3 5. Bxc3 Nf6 6. e5 Ne4 7. Bb4 c5 8.
dxc5 Nxf2 9. Qh5 Nxh1 10. Nf3 h6 11. Bd3 Nc6 12. Bd2 Qc7 13. Kf1 Bd7 14. Qh4
Nxe5 15. Qf4 f6 16. Bg6+ Kd8 17. Bc3 Nxg6 18. Bxf6+ gxf6 19. Qxf6+ Kc8 20. Qxg6
Qxc5 21. Ke2 Qf2+ 22. Kd3 Bb5+ 23. c4 Bxc4+ 24. Kc3 Qe3+ 25. Kb4 a5+ 0-1

[Event "Madrid ch Veteranos 2324"]
[Site "Madrid ESP"]
[Date "2024.03.20"]
[Round "8.12"]
[White "San Segundo Ortiz, Fernando"]
[Black "Alonso Abad, Enrique"]
[Result "0-1"]
[WhiteElo "1813"]
[BlackElo "1939"]
[PlyCount "92"]
[EventDate "2024.03.11"]
[EventType "swiss"]
[EventRounds "9"]
[EventCountry "ESP"]
[SourceTitle "Ajedrez en Madrid"]
[Source "lmi"]
[SourceDate "2024.03.11"]
[SourceVersion "1"]
[SourceVersionDate "2024.03.23"]
[SourceQuality "1"]

1. d4 d5 2. Bf4 c5 3. e3 cxd4 4. exd4 Nc6 5. c3 Bf5 6. Bd3 Bxd3 7. Qxd3 e6 8.
Nd2 Nf6 9. Ngf3 Nh5 10. Be3 Bd6 11. g3 a6 12. Qe2 Nf6 13. Nb3 Qe7 14. O-O O-O
15. Bg5 h6 16. Bc1 b5 17. Ne5 Bxe5 18. dxe5 Nd7 19. f4 Nc5 20. Nxc5 Qxc5+ 21.
Be3 Qc4 22. Qxc4 bxc4 23. Rfd1 Rfb8 24. Rab1 a5 25. a4 Rb3 26. Bc5 Rab8 27. Rd2
Rxc3 28. bxc3 Rxb1+ 29. Kf2 f6 30. exf6 gxf6 31. f5 Kf7 32. fxe6+ Kxe6 33. Re2+
Kf5 34. h3 h5 35. g4+ hxg4 36. hxg4+ Kxg4 37. Re6 Ne5 38. Rxf6 Nd3+ 39. Ke3
Nxc5 40. Kd4 Ne4 41. Ra6 Rd1+ 42. Ke3 Rd3+ 43. Ke2 Nxc3+ 44. Ke1 Kf3 45. Rf6+
Ke3 46. Rf3+ Kxf3 0-1

[Event "Madrid ch Veteranos 2324"]
[Site "Madrid ESP"]
[Date "2024.03.20"]
[Round "8.13"]
[White "Lorenzo Bailador, Alfredo"]
[Black "Gil Sierra, Jacinto"]
[Result "1-0"]
[WhiteElo "1935"]
[BlackElo "1877"]
[PlyCount "45"]
[EventDate "2024.03.11"]
[EventType "swiss"]
[EventRounds "9"]
[EventCountry "ESP"]
[SourceTitle "Ajedrez en Madrid"]
[Source "lmi"]
[SourceDate "2024.03.11"]
[SourceVersion "1"]
[SourceVersionDate "2024.03.23"]
[SourceQuality "1"]

1. e4 c5 2. c3 Nf6 3. e5 Nd5 4. d4 Nc6 5. Nf3 cxd4 6. Bc4 Nb6 7. Bb3 d6 8. exd6
Qxd6 9. O-O d3 10. Na3 Bf5 11. Nb5 Qd7 12. Bf4 Rc8 13. Nxa7 Nxa7 14. Ne5 Qb5
15. a4 Qa5 16. Qh5 g6 17. Bxf7+ Kd8 18. Bxg6 e6 19. Bxf5 exf5 20. Qxf5 Qc5 21.
Qf6+ Qe7 22. Qxh8 Nd5 23. Bg5 1-0

[Event "Madrid ch Veteranos 2324"]
[Site "Madrid ESP"]
[Date "2024.03.20"]
[Round "8.14"]
[White "Perez Pascual, Arturo"]
[Black "Rodriguez Valdeavero, Julio Cesa"]
[Result "1-0"]
[WhiteElo "1710"]
[BlackElo "1887"]
[PlyCount "71"]
[EventDate "2024.03.11"]
[EventType "swiss"]
[EventRounds "9"]
[EventCountry "ESP"]
[SourceTitle "Ajedrez en Madrid"]
[Source "lmi"]
[SourceDate "2024.03.11"]
[SourceVersion "1"]
[SourceVersionDate "2024.03.23"]
[SourceQuality "1"]

1. e4 c5 2. Nf3 d6 3. d4 cxd4 4. Nxd4 Nf6 5. Nc3 Nc6 6. Bg5 e6 7. f4 a6 8. Nxc6
bxc6 9. e5 dxe5 10. Qxd8+ Kxd8 11. fxe5 h6 12. Bh4 g5 13. exf6 gxh4 14. O-O-O+
Kc7 15. Be2 Rg8 16. Bh5 Bd6 17. Bxf7 Rf8 18. Bh5 Rxf6 19. Rxd6 Kxd6 20. Ne4+
Ke7 21. Nxf6 Kxf6 22. Rf1+ Ke5 23. Rf7 Rb8 24. Rf8 Kd6 25. Rh8 a5 26. Bf3 Kc7
27. g3 hxg3 28. hxg3 Rb5 29. Rxh6 Rf5 30. Bg4 Rf1+ 31. Kd2 Kd6 32. a4 c5 33.
Kc3 Rf2 34. Rh8 Bb7 35. Rd8+ Ke7 36. Rb8 1-0

[Event "Madrid ch Veteranos 2324"]
[Site "Madrid ESP"]
[Date "2024.03.20"]
[Round "8.15"]
[White "Martin Garcia, Luis I"]
[Black "Ruiz Quevedo, Andres"]
[Result "0-1"]
[WhiteElo "1894"]
[BlackElo "1865"]
[PlyCount "96"]
[EventDate "2024.03.11"]
[EventType "swiss"]
[EventRounds "9"]
[EventCountry "ESP"]
[SourceTitle "Ajedrez en Madrid"]
[Source "lmi"]
[SourceDate "2024.03.11"]
[SourceVersion "1"]
[SourceVersionDate "2024.03.23"]
[SourceQuality "1"]

1. e4 c5 2. Nf3 d6 3. Bb5+ Bd7 4. Bxd7+ Nxd7 5. c4 Ngf6 6. Nc3 e6 7. d4 cxd4 8.
Nxd4 a6 9. O-O Be7 10. Qe2 O-O 11. b3 Re8 12. Bb2 Bf8 13. Rfd1 Qc7 14. Rac1
Rac8 15. h3 Qb8 16. Nf3 Rc5 17. Na4 Ra5 18. g4 b5 19. Qe1 Rxa4 20. bxa4 bxc4
21. Bxf6 Nxf6 22. Rxc4 d5 23. Rc2 Nxe4 24. Rdc1 h5 25. Rb1 Qf4 26. Qe3 Qf6 27.
Nd2 Nxd2 28. Qxd2 Qh4 29. gxh5 Qxh3 30. Rb3 Qxh5 31. Rcc3 Bd6 32. Rh3 Qg4+ 33.
Kf1 Bf4 34. Qd3 g6 35. Qe2 Qg5 36. Rhc3 Be5 37. Rc6 Kg7 38. Qf3 Rh8 39. Rb7 Rf8
40. Rc8 Bf6 41. Rcc7 Qe5 42. Qh3 Bd8 43. Rd7 Ba5 44. Qf3 Qf5 45. Qe3 Qg4 46. a3
Qh4 47. Qxe6 Qh1+ 48. Ke2 Qe1+ 0-1

[Event "Madrid ch Veteranos 2324"]
[Site "Madrid ESP"]
[Date "2024.03.20"]
[Round "8.16"]
[White "Lobato Palomo, Manuel Angel"]
[Black "Gonzalez Rivera, Eduardo"]
[Result "0-1"]
[WhiteElo "1804"]
[BlackElo "1999"]
[PlyCount "88"]
[EventDate "2024.03.11"]
[EventType "swiss"]
[EventRounds "9"]
[EventCountry "ESP"]
[SourceTitle "Ajedrez en Madrid"]
[Source "lmi"]
[SourceDate "2024.03.11"]
[SourceVersion "1"]
[SourceVersionDate "2024.03.23"]
[SourceQuality "1"]

1. d4 d5 2. Bf4 Nf6 3. Nc3 e6 4. Nb5 Na6 5. a3 c6 6. Nc3 Bd6 7. e3 Nb8 8. Nf3
Qc7 9. Bxd6 Qxd6 10. Bd3 Nbd7 11. O-O O-O 12. e4 dxe4 13. Nxe4 Nxe4 14. Bxe4
Nf6 15. Qd3 b6 16. Ne5 Bb7 17. Bf3 Rfd8 18. c3 Qxe5 19. dxe5 Rxd3 20. exf6 gxf6
21. Rfd1 Rad8 22. Kf1 Rxd1+ 23. Rxd1 Rxd1+ 24. Bxd1 c5 25. g3 f5 26. f4 Kf8 27.
Kf2 Ke7 28. Ke3 Kd6 29. h4 f6 30. Bc2 h6 31. c4 Ke7 32. Bd3 Kf7 33. Bc2 Kg6 34.
Bd3 Bg2 35. b3 Bh3 36. b4 Kh5 37. Be2+ Bg4 38. Bd3 Bd1 39. Kf2 Kg4 40. bxc5
bxc5 41. Bf1 e5 42. fxe5 fxe5 43. Bg2 e4 44. Ke1 Bf3 0-1

[Event "Madrid ch Veteranos 2324"]
[Site "Madrid ESP"]
[Date "2024.03.20"]
[Round "8.17"]
[White "Alberdi Garcia, Carlos Alfonso"]
[Black "Vazquez Gonzalez, Jesus"]
[Result "0-1"]
[WhiteElo "1765"]
[BlackElo "1939"]
[PlyCount "80"]
[EventDate "2024.03.11"]
[EventType "swiss"]
[EventRounds "9"]
[EventCountry "ESP"]
[SourceTitle "Ajedrez en Madrid"]
[Source "lmi"]
[SourceDate "2024.03.11"]
[SourceVersion "1"]
[SourceVersionDate "2024.03.23"]
[SourceQuality "1"]

1. d4 c5 2. e3 e6 3. Nf3 d5 4. c3 Nc6 5. Bd3 Nf6 6. Nbd2 b6 7. O-O Bb7 8. Qe2
Be7 9. Rd1 Rc8 10. dxc5 bxc5 11. e4 O-O 12. e5 Nd7 13. Nf1 Qe8 14. Ng3 f5 15.
exf6 Bxf6 16. Bg5 Nde5 17. Bxf6 Nxf3+ 18. Qxf3 Rxf6 19. Qh5 Qxh5 20. Nxh5 Rh6
21. Nf4 Rf8 22. Nh3 Ne5 23. Be2 Rhf6 24. f4 Ng6 25. g3 e5 26. fxe5 Nxe5 27. Rf1
d4 28. Rxf6 Rxf6 29. cxd4 cxd4 30. Rd1 Rd6 31. Nf4 g5 32. Nd3 Nc4 33. b3 Ne3
34. Nc5 Nxd1 35. Nxb7 Rc6 36. Bc4+ Kg7 37. Nd8 Rd6 38. Ne6+ Kf6 39. Nc7 Ke5 40.
Bd3 Nb2 0-1

[Event "Madrid ch Veteranos 2324"]
[Site "Madrid ESP"]
[Date "2024.03.20"]
[Round "8.18"]
[White "Villares Galiano, Luis"]
[Black "Menendez Domens, Juan Manuel"]
[Result "1-0"]
[WhiteElo "1890"]
[BlackElo "1651"]
[PlyCount "65"]
[EventDate "2024.03.11"]
[EventType "swiss"]
[EventRounds "9"]
[EventCountry "ESP"]
[SourceTitle "Ajedrez en Madrid"]
[Source "lmi"]
[SourceDate "2024.03.11"]
[SourceVersion "1"]
[SourceVersionDate "2024.03.23"]
[SourceQuality "1"]

1. e4 e5 2. Nf3 Nc6 3. Bc4 Nf6 4. d3 Bc5 5. c3 Bb6 6. O-O O-O 7. Bg5 d6 8. Nbd2
Na5 9. Bb5 a6 10. Ba4 Nc6 11. Re1 Re8 12. Nf1 Bd7 13. Bc2 Bg4 14. h3 h6 15. Bh4
g5 16. hxg4 gxh4 17. N3h2 Kh8 18. Ne3 Rg8 19. Qf3 Rg6 20. Nf5 Qd7 21. Nxh4 Rag8
22. Nxg6+ Rxg6 23. Qf5 Qd8 24. g3 Qg8 25. Kg2 Nxg4 26. Nxg4 Rxg4 27. Bb3 Rf4
28. Qh3 Rxf2+ 29. Kh1 Qg5 30. Rf1 Rxb2 31. Rxf7 Nd8 32. Rf8+ Kg7 33. Rg8+ 1-0

[Event "Madrid ch Veteranos 2324"]
[Site "Madrid ESP"]
[Date "2024.03.20"]
[Round "8.19"]
[White "Fernandez Rios, Jose Francisco"]
[Black "Sanchez Peral, Pedro"]
[Result "0-1"]
[WhiteElo "1770"]
[BlackElo "1875"]
[PlyCount "90"]
[EventDate "2024.03.11"]
[EventType "swiss"]
[EventRounds "9"]
[EventCountry "ESP"]
[SourceTitle "Ajedrez en Madrid"]
[Source "lmi"]
[SourceDate "2024.03.11"]
[SourceVersion "1"]
[SourceVersionDate "2024.03.23"]
[SourceQuality "1"]

1. d4 Nf6 2. c4 g6 3. Nc3 d5 4. cxd5 Nxd5 5. e4 Nxc3 6. bxc3 Bg7 7. Nf3 O-O 8.
Be2 c5 9. O-O b6 10. Rb1 Bb7 11. dxc5 Bxe4 12. Rb4 Bc6 13. cxb6 axb6 14. Qb3
Nd7 15. Be3 Nc5 16. Bxc5 bxc5 17. Rb6 Ba4 18. Qb2 Bxc3 19. Qb1 Bb4 20. Rxb4
cxb4 21. Qxb4 Qa5 22. Qh4 Qc3 23. Ng5 Qg7 24. Bc4 h6 25. Nxf7 Rxf7 26. Qxe7
Raf8 27. Qa7 Bb5 28. Bxf7+ Qxf7 29. Qxf7+ Rxf7 30. Rb1 Bc4 31. Rb8+ Rf8 32.
Rxf8+ Kxf8 33. a4 Ke7 34. f4 Kf6 35. Kf2 Kf5 36. Ke3 Bd5 37. g3 h5 38. a5 Bb7
39. h3 Bg2 40. a6 Bf1 41. a7 Bg2 42. Kf2 Bb7 43. Ke3 Ba8 44. Kf2 h4 45. g4+
Kxf4 0-1

[Event "Madrid ch Veteranos 2324"]
[Site "Madrid ESP"]
[Date "2024.03.20"]
[Round "8.20"]
[White "Fernandez Garcia, Ignacio"]
[Black "Garcia Santiago, Juan Carlos"]
[Result "1-0"]
[WhiteElo "1873"]
[BlackElo "1739"]
[PlyCount "65"]
[EventDate "2024.03.11"]
[EventType "swiss"]
[EventRounds "9"]
[EventCountry "ESP"]
[SourceTitle "Ajedrez en Madrid"]
[Source "lmi"]
[SourceDate "2024.03.11"]
[SourceVersion "1"]
[SourceVersionDate "2024.03.23"]
[SourceQuality "1"]

1. d4 Nf6 2. Bf4 d5 3. e3 g6 4. Be2 Bg7 5. Nd2 Nbd7 6. Ngf3 c5 7. c3 a6 8. h3
b5 9. Bd3 Qb6 10. b4 cxb4 11. cxb4 Bb7 12. Nb3 O-O 13. O-O h6 14. Rc1 Rac8 15.
Nc5 a5 16. a3 axb4 17. axb4 Rfd8 18. Qe2 Bc6 19. Be5 Ne8 20. Bxg7 Kxg7 21. g4
Nd6 22. Nd2 Nc4 23. Ndb3 Re8 24. Ra1 Ra8 25. e4 e5 26. Rxa8 Rxa8 27. exd5 Bxd5
28. Nxd7 Qc7 29. Nbc5 exd4 30. Re1 Qc6 31. Bxc4 bxc4 32. Qe5+ Kg8 33. Nf6+ 1-0

[Event "Madrid ch Veteranos 2324"]
[Site "Madrid ESP"]
[Date "2024.03.20"]
[Round "8.21"]
[White "Moreno Torrero, Javier"]
[Black "Martinez Miura, Enrique"]
[Result "1-0"]
[WhiteElo "1911"]
[BlackElo "1696"]
[PlyCount "51"]
[EventDate "2024.03.11"]
[EventType "swiss"]
[EventRounds "9"]
[EventCountry "ESP"]
[SourceTitle "Ajedrez en Madrid"]
[Source "lmi"]
[SourceDate "2024.03.11"]
[SourceVersion "1"]
[SourceVersionDate "2024.03.23"]
[SourceQuality "1"]

1. d4 d5 2. c4 e6 3. Nc3 Nf6 4. Bg5 Be7 5. Nf3 h6 6. Bh4 c6 7. e3 Nbd7 8. Rc1
O-O 9. Bd3 dxc4 10. Bxc4 b5 11. Bd3 Bb7 12. O-O a6 13. Qe2 c5 14. dxc5 Nxc5 15.
Bb1 Re8 16. Rfd1 Qb6 17. e4 Rad8 18. e5 Nd5 19. Nxd5 Bxd5 20. Bxe7 Rxe7 21. Qc2
Ne4 22. Re1 f5 23. exf6 Nxf6 24. Ne5 Qd4 25. Rcd1 Qf4 26. Ng6 1-0

[Event "Madrid ch Veteranos 2324"]
[Site "Madrid ESP"]
[Date "2024.03.20"]
[Round "8.22"]
[White "Villodre Miranda, Juan Alonso"]
[Black "Toledo Aguirre, Gonzalo"]
[Result "0-1"]
[WhiteElo "1727"]
[BlackElo "1896"]
[PlyCount "70"]
[EventDate "2024.03.11"]
[EventType "swiss"]
[EventRounds "9"]
[EventCountry "ESP"]
[SourceTitle "Ajedrez en Madrid"]
[Source "lmi"]
[SourceDate "2024.03.11"]
[SourceVersion "1"]
[SourceVersionDate "2024.03.23"]
[SourceQuality "1"]

1. c4 f5 2. f4 Nf6 3. Nf3 d6 4. d4 g6 5. g3 Bg7 6. Bg2 O-O 7. O-O Nc6 8. e3 Ne4
9. Nbd2 Nxd2 10. Qxd2 e5 11. d5 Nb8 12. Rb1 a5 13. a4 Nd7 14. b3 Nc5 15. Qc2
Qe7 16. Bb2 Bd7 17. h4 Ne4 18. Kh2 Rac8 19. Ng5 Nf6 20. Bf3 Ng4+ 21. Bxg4 fxg4
22. Qg2 h6 23. Ne4 c6 24. Nc3 Rce8 25. Rbe1 exf4 26. exf4 Qxe1 27. Rxe1 Rxe1
28. dxc6 Bxc6 29. Nd5 Rfe8 30. Bxg7 Bxd5 31. Qxd5+ Kxg7 32. Qxb7+ R8e7 33. Qd5
R7e2+ 34. Qg2 Rxg2+ 35. Kxg2 Rb1 0-1

[Event "Madrid ch Veteranos 2324"]
[Site "Madrid ESP"]
[Date "2024.03.20"]
[Round "8.23"]
[White "Ortega Molina, Tomas"]
[Black "Lopez Molina, Santiago Jorge"]
[Result "1-0"]
[WhiteElo "1716"]
[BlackElo "1881"]
[PlyCount "97"]
[EventDate "2024.03.11"]
[EventType "swiss"]
[EventRounds "9"]
[EventCountry "ESP"]
[SourceTitle "Ajedrez en Madrid"]
[Source "lmi"]
[SourceDate "2024.03.11"]
[SourceVersion "1"]
[SourceVersionDate "2024.03.23"]
[SourceQuality "1"]

1. d4 Nf6 2. c4 e5 3. dxe5 Ng4 4. Nf3 Nc6 5. Bf4 Bb4+ 6. Nbd2 Qe7 7. a3 Ngxe5
8. Nxe5 Nxe5 9. Bxe5 Bxd2+ 10. Qxd2 Qxe5 11. e3 b6 12. O-O-O O-O 13. Be2 Qc5
14. b4 Qg5 15. Bf3 Rb8 16. h4 Qe5 17. Qd4 f6 18. h5 d6 19. Rh4 c5 20. Bd5+ Kh8
21. Qxe5 dxe5 22. f4 cxb4 23. axb4 exf4 24. exf4 a5 25. b5 Bb7 26. f5 Bxd5 27.
Rxd5 Rfd8 28. Rhd4 Rxd5 29. Rxd5 Kg8 30. g4 Rc8 31. Rd4 g6 32. h6 gxf5 33. gxf5
Rc5 34. Rf4 Kf7 35. Kb2 Ke7 36. Kb3 Kd6 37. Rd4+ Ke5 38. Rd7 Kxf5 39. Rxh7 Kg6
40. Rh8 Rh5 41. Rb8 Kg5 42. Rxb6 f5 43. Rb8 Rxh6 44. c5 f4 45. c6 f3 46. c7 f2
47. Rf8 Rh3+ 48. Ka4 Rh4+ 49. Kxa5 1-0

[Event "Madrid ch Veteranos 2324"]
[Site "Madrid ESP"]
[Date "2024.03.20"]
[Round "8.25"]
[White "Hernandez Gutierrez, Jose"]
[Black "Ramos Antona, Enrique"]
[Result "0-1"]
[WhiteElo "1825"]
[BlackElo "1736"]
[PlyCount "74"]
[EventDate "2024.03.11"]
[EventType "swiss"]
[EventRounds "9"]
[EventCountry "ESP"]
[SourceTitle "Ajedrez en Madrid"]
[Source "lmi"]
[SourceDate "2024.03.11"]
[SourceVersion "1"]
[SourceVersionDate "2024.03.23"]
[SourceQuality "1"]

1. d4 Nf6 2. c4 e6 3. g3 d5 4. Nf3 c6 5. Bg2 Nbd7 6. O-O Be7 7. Qc2 b6 8. Nbd2
O-O 9. e4 dxe4 10. Nxe4 Bb7 11. Be3 Rc8 12. Rfd1 h6 13. Rac1 Nxe4 14. Qxe4 Nf6
15. Qc2 Ng4 16. Bf4 g5 17. Bd2 Bd6 18. h3 Nf6 19. Bc3 Qe7 20. a3 Rfe8 21. b4 c5
22. dxc5 Bb8 23. Qb2 Ne4 24. cxb6 Nxc3 25. Rxc3 axb6 26. Qe2 Red8 27. Rcd3 Rxd3
28. Qxd3 f5 29. Qd7 Kf8 30. Qb5 Rd8 31. Re1 Bc7 32. Ne5 Bxe5 33. Rxe5 Bxg2 34.
Kxg2 Qb7+ 35. Kf1 Qh1+ 36. Ke2 Qd1+ 37. Ke3 Qd3# 0-1